|
|
|
|
| LEADER |
00000cam a2200000 4500 |
| 001 |
vtls012021701 |
| 003 |
SK-MaSNL |
| 005 |
20260301080532.0 |
| 008 |
210412s2021 xr ab g p 000 0 cze |
| 015 |
|
|
|a SNBZSA2025/02
|
| 020 |
|
|
|a 9788024458090
|q (brožované)
|
| 040 |
|
|
|a SNK
|b slo
|c SNK
|e rda
|
| 041 |
0 |
|
|a cze
|
| 043 |
|
|
|a e------
|
| 044 |
|
|
|a xr
|c CZ
|
| 072 |
|
7 |
|a 811.1/.8
|x Rôzne jazyky
|2 konspekt
|
| 072 |
|
7 |
|a 37.016
|x Učebné osnovy. Vyučovacie predmety. Učebnice
|2 konspekt
|
| 080 |
|
|
|a 811(4)
|2 2011
|
| 080 |
|
|
|a 811.1/.9
|2 2011
|
| 080 |
|
|
|a 81
|2 2011
|
| 080 |
|
|
|a 81-11
|2 2011
|
| 080 |
|
|
|a 81`373.45
|2 2011
|
| 080 |
|
|
|a 81'272
|2 2011
|
| 080 |
|
|
|a (4)
|2 2011
|
| 080 |
|
|
|a (048.8)
|2 2011
|
| 080 |
|
|
|a (075)
|2 2011
|
| 100 |
1 |
|
|a Lacková, Ľudmila
|4 aut
|9 402384
|
| 245 |
1 |
0 |
|a Stručný průvodce jazyky Evropy
|c Ľudmila Lacková, Samuel Bidaud
|
| 250 |
|
|
|a 1. vydání
|
| 264 |
|
1 |
|a Olomouc
|b Univerzita Palackého v Olomouci
|c 2021
|
| 300 |
|
|
|a 81 strán
|b farebné ilustrácie, mapy
|c 21 cm
|
| 336 |
|
|
|a text
|b txt
|2 rdacontent
|
| 337 |
|
|
|a bez média
|b n
|2 rdamedia
|
| 338 |
|
|
|a zväzok
|b nc
|2 rdacarrier
|
| 504 |
|
|
|a Obsahuje bibliografiu na strane 77-81 a bibliografické odkazy
|
| 650 |
0 |
7 |
|a európske jazyky
|2 SNKPH
|9 66749
|
| 650 |
0 |
7 |
|a jazyk a jazyky
|2 SNKPH
|9 862
|
| 650 |
0 |
7 |
|a jazyky
|x klasifikácia
|2 SNKPH
|9 1364
|
| 650 |
0 |
7 |
|a jazykové vplyvy
|2 SNKPH
|9 220901
|
| 650 |
0 |
7 |
|a jazyková politika
|2 SNKPH
|9 4506
|
| 650 |
0 |
7 |
|a European languages
|2 SNKPHeng
|9 299209
|
| 650 |
0 |
7 |
|a Language and languages
|2 SNKPHeng
|9 343243
|
| 650 |
0 |
7 |
|a Language influence
|2 SNKPHeng
|9 289533
|
| 650 |
0 |
7 |
|a Language policy
|2 SNKPHeng
|9 323535
|
| 651 |
|
7 |
|a Európa
|2 SNKPHgeo
|9 167569
|
| 651 |
|
7 |
|a Europe
|2 SNKPHeng
|9 56249
|
| 655 |
|
7 |
|a prehľady
|2 SNKPH
|9 70194
|
| 655 |
|
7 |
|a učebné texty
|2 SNKPH
|9 70568
|
| 655 |
|
7 |
|a Surveys
|2 SNKPHeng
|9 266058
|
| 655 |
|
7 |
|a Educational texts
|2 SNKPHeng
|9 277375
|
| 700 |
1 |
|
|a Bidaud, Samuel,
|d 1988-
|4 aut
|9 402385
|
| 852 |
|
|
|a Slovenská národná knižnica
|
| 919 |
|
|
|a 978-80-244-5809-0
|
| 954 |
|
|
|a odborná, vedecká literatúra cudzojazyčná (svetová)
|2 lita
|
| 958 |
|
|
|a ZS
|
| 958 |
|
|
|a NB
|
| 958 |
|
|
|a CZ
|
| 999 |
|
|
|c 653449
|d 655379
|
| 952 |
|
|
|a SNK
|b SNK
|y PREZ
|7 0
|p 17A1478227
|o snkSC 195961
|i snk2022/878
|8 2
|g 5.90
|0 0
|1 0
|4 0
|d 2021-08-16
|l 0
|r 2025-10-15 00:00:00
|w 2026-02-23
|
| 952 |
|
|
|t snkLAC 802/809(4)
|a SNKUST
|b SNKUST
|y PREZ
|7 0
|p 17A1451851
|o snkSC 195961 D1
|i snk2022/6098
|8 4
|g 7.85
|0 0
|1 0
|4 0
|d 2022-01-04
|l 0
|r 2025-04-28 00:00:00
|w 2026-02-23
|